000 00802nam a2200289Ia 4500
001 Para_131
003 CHAP
008 220125s1992 xx 000 0 und d
010 _a198701
040 _cCHAP
090 _aPA FOLLETO 3098
100 _aLaster, L
_9163988
245 _aMenu de alternativas para prevenir virosis en melon /
_c por L. Laster, A. Rueda y H. Barletta
260 _aHonduras :
_b Zamorano
300 _a17 p.
410 _aPublicación DPV-EAP; 364
650 _aMelon
_xEnfermedades
_974449
700 _aI. Rueda, A.
_9163989
700 _aII. Barletta, H.
_9163990
901 _aPA FOLLETO 3098
902 _aA
905 _a0000001992 a 0000000000 00
910 _a1992
942 _cPARA
942 _cPARA
_d1
999 _c198701
_d198701